书目信息 |
| 题名: |
简爱下卷
|
|
| 作者: | 夏洛蒂·勃朗特著 , 梁虹 译 | |
| 分册: | ||
| 出版信息: | 长春 时代文艺出版社 1995.05 |
|
| 页数: | 497页 | |
| 开本: | 32开 | |
| 丛书名: | ||
| 单 册: | ||
| 中图分类: | I561.44 | |
| 科图分类: | ||
| 主题词: | 文学 | |
| 电子资源: | ||
| ISBN: | 7-5387-0887-1 | |
| 000 | 00597nam0 2200205 45 | |
| 001 | 0011221805 | |
| 005 | 20001122185928.6 | |
| 010 | @a7-5387-0887-1@d14.90元 | |
| 100 | @a20001122d1995 km y0chiy0120 ea | |
| 101 | 0 | @achi |
| 105 | @a z 000yy | |
| 200 | 1 | @a简爱下卷@AJian Ai Xia Juan@f夏洛蒂·勃朗特著,梁虹译@FXia Luo Di·Bo Lang Te Zhu,Liang Hong Yi |
| 210 | @a长春@c时代文艺出版社@d1995.05 | |
| 215 | @a497页@d32开 | |
| 606 | 0 | @a文学 |
| 690 | @aI561.44@v3 | |
| 701 | 0 | @a夏洛蒂·勃朗特著@4译 |
| 701 | 0 | @a梁虹@4译 |
| 801 | @aCN@bPftUser@c20001122 | |
| 905 | @dI561.44@eB375:2@b501472@f1 | |
| 简爱下卷/夏洛蒂·勃朗特著,梁虹译.-长春:时代文艺出版社,1995.05 |
| 497页;32开 |
| ISBN 7-5387-0887-1:14.90元 |
| ● |
| 相关链接 |
|
|
|
正题名:简爱下卷
索取号:I561.44/B375:2
 
预约/预借
| 序号 | 登录号 | 条形码 | 馆藏地/架位号 | 状态 | 备注 |
| 1 | 501472 | 205014722 | 社科二线400B/116文学库 19排6列4层/ [索取号:I561.44/B375:2] | 在馆 |